000 00708nam a2200217 u 4500
005 20230909063622.0
008 130415s2004 r 000 0 eng d
020 _a849801025X
035 _aUPN01000190534
049 _aI
050 4 _aPR6063 A9.3
_bQ8.4
100 1 _aMayhew, James,
_d1964-
_933625
245 1 1 _a¿Quién quiere al Dragón? /
_cJames Mayhew ; il. Lindsey Gardiner ; tr. Ursel Fischer.
260 _aBarcelona, Esp. :
_bBlume,
_c2004.
300 _a[28] p. :
_bprincipalmente il. col.
534 _pTítulo original:
_tWho wants a dragon
650 0 _aLiteratura infantil inglesa
_911046
650 2 _aDragones
_vLiteratura infantil
_911808
905 _aInfantil
999 _c162637
_d162637